Library Banner

Unclassified cases [2016, Vol. XXXVII] / (Record no. 95818)

MARC details
000 -LEADER
fixed length control field 00416nam a22001337a 4500
005 - DATE AND TIME OF LATEST TRANSACTION
control field 20220113154226.0
008 - FIXED-LENGTH DATA ELEMENTS--GENERAL INFORMATION
fixed length control field 170727b xxu||||| |||| 00| 0 eng d
040 ## - CATALOGING SOURCE
Transcribing agency PK-LaUMT
082 ## - DEWEY DECIMAL CLASSIFICATION NUMBER
Classification number 346.00264
Item number UNC-
245 ## - TITLE STATEMENT
Title Unclassified cases [2016, Vol. XXXVII] /
Statement of responsibility, etc edited by M. Farani of Lincloln's Inn. and Nadeem Zafar Chaudhary
260 ## - PUBLICATION, DISTRIBUTION, ETC. (IMPRINT)
Place of publication, distribution, etc Lahore :
Name of publisher, distributor, etc Natioanl Law Reporter,
Date of publication, distribution, etc 2016
300 ## - PHYSICAL DESCRIPTION
Extent 792 p.
942 ## - ADDED ENTRY ELEMENTS (KOHA)
Koha item type Law and Policy Journals
Holdings
Withdrawn status Lost status Damaged status Home library Current library Date acquired Full call number Barcode Date last seen Price effective from Koha item type
      UMT Main Campus UMT Main Campus 2017-07-27 346.00264 UNC- 111325 2017-07-27 2017-07-27 Books